MARC details
| 000 -CABECERA |
| campo de control de longitud fija |
00998nam a2200253 a 4500 |
| 001 - NÚMERO DE CONTROL |
| campo de control |
000047119 |
| 003 - IDENTIFICADOR DEL NÚMERO DE CONTROL |
| campo de control |
DO-SdBNP |
| 005 - FECHA Y HORA DE LA ÚLTIMA TRANSACCIÓN |
| campo de control |
20240301141933.0 |
| 008 - DATOS DE LONGITUD FIJA--INFORMACIÓN GENERAL |
| campo de control de longitud fija |
090903s2016 dr r 000 0 spa d |
| 020 ## - NÚMERO INTERNACIONAL ESTÁNDAR DEL LIBRO |
| Número Internacional Estándar del Libro |
9789945477238 |
| 040 ## - FUENTE DE LA CATALOGACIÓN |
| Centro catalogador/agencia de origen |
DO-SdBNP |
| Lengua de catalogación |
spa |
| Centro/agencia transcriptor |
BNPHU |
| 082 #4 - NÚMERO DE LA CLASIFICACIÓN DECIMAL DEWEY |
| Número de clasificación |
348.044 |
| Número de documento/Ítem |
R426p, 2015 |
| Número de edición |
22 |
| 110 1# - ENTRADA PRINCIPAL--NOMBRE DE ENTIDAD CORPORATIVA |
| Nombre de entidad corporativa o nombre de jurisdicción como elemento de entrada |
República Dominicana. |
| Unidad subordinada |
Suprema Corte de Justicia |
| 9 (RLIN) |
7906 |
| 245 10 - MENCIÓN DE TÍTULO |
| Título |
Principales sentencias de la Suprema Corte de Justicia : |
| Resto del título |
año 2015 / |
| Mención de responsabilidad, etc. |
presentación Mariano Germán Mejía. |
| 260 ## - PUBLICACIÓN, DISTRIBUCIÓN, ETC. |
| Lugar de publicación, distribución, etc. |
Santo Domingo : |
| Nombre del editor, distribuidor, etc. |
Suprema Corte de Justicia, |
| Fecha de publicación, distribución, etc. |
2016. |
| 300 ## - DESCRIPCIÓN FÍSICA |
| Extensión |
xxiv, 875 p. ; |
| Dimensiones |
23 cm. |
| 590 ## - NOTA LOCAL (RLIN) |
| Nota local |
Inventariado, 2019/VM |
| 610 14 - PUNTO DE ACCESO ADICIONAL DE MATERIA--NOMBRE DE ENTIDAD CORPORATIVA |
| Nombre de entidad corporativa o nombre de jurisdicción como elemento de entrada |
REPÚBLICA DOMINICANA. |
| Unidad subordinada |
SUPREMA CORTE DE JUSTICIA |
| 9 (RLIN) |
7906 |
| 650 #4 - PUNTO DE ACCESO ADICIONAL DE MATERIA--TÉRMINO DE MATERIA |
| Término de materia o nombre geográfico como elemento de entrada |
Jurisprudencia |
| Subdivisión general |
Recopilaciones, repertorios, etc. |
| Subdivisión geográfica |
República Dominicana |
| 9 (RLIN) |
19125 |
| 650 #4 - PUNTO DE ACCESO ADICIONAL DE MATERIA--TÉRMINO DE MATERIA |
| Término de materia o nombre geográfico como elemento de entrada |
Sentencias |
| Subdivisión geográfica |
República Dominicana |
| 9 (RLIN) |
19124 |
| 700 1# - PUNTO DE ACCESO ADICIONAL--NOMBRE DE PERSONA |
| Nombre de persona |
Germán M., Mariano, |
| Fechas asociadas al nombre |
1946- |
| Forma completa/desarrollada del nombre |
(Germán Mejía) |
| 9 (RLIN) |
9311 |
| 910 ## - DATOS DE OPCIÓN DEL USUARIO (OCLC) |
| Datos de opción del usuario |
Validado. Control de calidad. EMS |
| 942 ## - ELEMENTOS DE PUNTO DE ACCESO ADICIONAL (KOHA) |
| Fuente del sistema de clasificación o colocación |
Dewey Decimal Classification |
| Tipo de ítem Koha |
Libro |